[Event "18th Delhi GM Open 2020"]
[Site "Delhi"]
[Date "2020.01.10"]
[Round "3.14"]
[White "Yudin, Sergei"]
[Black "Navalgund, Niranjan"]
[Result "0-1"]
[WhiteElo "2508"]
[BlackElo "2246"]
[Annotator "TA"]
[PlyCount "100"]
[EventDate "2020.01.09"]
[EventType "swiss"]
[EventCountry "IND"]
[SourceTitle "playchess.com"]
[Source "ChessBase"]
[SourceQuality "1"]

{[%evp 11,100,12,21,20,26,25,31,16,41,4,18,8,9,0,3,3,56,62,78,0,0,-33,-25,-31,-22,-22,0,-10,-12,-31,-4,-91,-64,-58,-66,-73,0,-73,-43,-43,-45,-46,-50,-68,-73,-145,-140,-202,-214,-301,-258,-235,-225,-216,-233,-247,-246,-364,-310,-266,-247,-303,-271,-267,-294,-275,-283,-502,-522,-441,-494,-485,-477,-572,-556,-532,-443,-819,-767,-4891,-4766,-4610,-4133,-5300,-5161,-4458,-1872,-29982,-29983,-29983,-1042]} 1. e4 e5 2. Nf3 Nc6 3. Bc4 Bc5 4. d3 Nf6 5. O-O d6 6. c3 a6 7. a4 {C54: Giuoco Piano: 4 c3 Nf6, main lines with 5 d4 and 5 d3} Ba7 (7... h6 8. Re1 O-O 9. h3 Ba7 10. Nbd2 Be6 11. Bxe6 fxe6 12. b4 Nh5 13. Nf1 Qf6 14. Ra2 Nf4 15. Bxf4 Qxf4 {½-½ (44) Vachier Lagrave,M (2780)-Kramnik,V (2753) Moscow 2019}) 8. Re1 Ng4 9. Re2 {White is slightly better.} Qf6 10. Na3 Qg6 11. h3 $146 ({Predecessor:} 11. Nc2 O-O 12. Be3 Nxe3 13. Nxe3 Kh8 14. Kh1 Qh5 {0-1 (40) Admiraal,M (2448)-Pruijssers,R (2507) Belgium 2017}) 11... Nh6 12. Kf1 Qh5 13. Re1 f6 (13... O-O $11) 14. Nc2 $14 g5 15. Ng1 ({White should try} 15. Be3 $16) 15... g4 $40 {[%mdl 128] Black attacks.} 16. Bxh6 Qxh6 17. hxg4 Qg6 18. Ne3 h5 19. gxh5 Rxh5 20. Qf3 (20. Nd5 $5 {[%cal Rd1h5]} Kd8 21. Qf3 $11) 20... Bd7 {[%mdl 1024] Black has compensation.} 21. Ke2 (21. Nd5 $11 {keeps the balance.} O-O-O 22. b4 (22. Nxf6 $2 Rf8 $19) (22. Qxf6 $2 Qxf6 23. Nxf6 Rf8 $19)) 21... Ne7 22. Kd2 O-O-O 23. Ne2 Rg5 (23... f5 $17 {Threatens to win with ...f4.} 24. exf5 Bxe3+ 25. Qxe3 Rxf5) 24. Ng3 (24. g4 $1 $11) 24... c6 25. Bb3 f5 26. exf5 Nxf5 27. Nexf5 Bxf5 28. d4 ({White should play} 28. Nxf5 Rxf5 29. Qh3) 28... Kb8 $17 29. Qe3 (29. Nxf5 $17 Rxf5 30. Qg3 Qh6+ 31. Kd3) 29... exd4 $19 30. Qe7 (30. cxd4 $142 Rg4 31. Qe7 Rxd4+ 32. Kc1) 30... dxc3+ 31. bxc3 Bb6 {Hoping for ...Rxg3.} 32. a5 Bc7 33. Ra4 d5 34. Rb4 (34. Kc1 $142) 34... Rg4 35. Nxf5 {And now Nd4 would win.} Qxf5 36. Bc2 Qxf2+ {[%mdl 64] Double Attack} 37. Re2 Qg3 38. Bd3 Rg7 39. Qc5 $2 (39. Qf6) 39... Bd6 40. Qb6 Qg5+ 41. Kc2 {next Rg4! is good for White.} Bxb4 42. cxb4 Ka8 43. g4 Rf8 44. Bxa6 (44. Qc5 $142 Rh8 45. Bf5) 44... bxa6 45. Qxa6+ Kb8 46. Qb6+ Rb7 47. Qc5 Qg6+ 48. Kd2 Qh6+ 49. Ke1 Rb5 50. Qc3 {[#]} Qd6 {Accuracy: White = 40%, Black = 64%.} (50... d4 $142 $1 51. Qc4 {[#]} (51. Qxd4 Qc1+) 51... d3 $1 {[%mdl 576] Deflection} 52. Qxd3 Qc1+ 53. Qd1 Rf1+ $1 {[%mdl 576] Deflection} 54. Kxf1 Qxd1+ 55. Kf2 Rxb4 56. g5 Qd4+ 57. Kg2 Qg4+ $1 {[%mdl 576] Double Attack} 58. Kf2 Qf4+ 59. Kg2 Rb3 60. Re8+ Kc7 61. Re7+ Kd6 $1 {[%mdl 512]} 62. Re2 Qg3+ 63. Kh1 Rb1+ 64. Re1 Rxe1#) 0-1

[Event "18th Delhi GM Open 2020"]
[Site "Delhi"]
[Date "2020.01.10"]
[Round "3.15"]
[White "Eraschenkov, Denis"]
[Black "Amonatov, Farrukh"]
[Result "0-1"]
[WhiteElo "2370"]
[BlackElo "2631"]
[Annotator "TA"]
[PlyCount "144"]
[EventDate "2020.01.09"]
[EventType "swiss"]
[EventCountry "IND"]
[SourceTitle "playchess.com"]
[Source "ChessBase"]
[SourceQuality "1"]

{[%evp 18,144,24,13,24,5,31,37,36,0,0,-3,-6,-8,15,7,22,14,17,25,18,21,35,0,0,0,0,0,8,0,7,0,0,0,0,-98,-34,-32,-29,-33,-35,-36,-14,-29,-25,-10,-2,-2,-2,-2,-2,-2,-5,-8,-7,-18,-14,-52,-31,-54,-25,-40,-26,-18,-18,-44,-25,-25,-25,-58,-50,-164,-54,-56,-56,-45,-52,-46,-8,-8,-8,-8,-8,-8,-8,-8,-8,-8,-8,-34,-34,-41,-41,-48,-56,-70,-8,-29943,-29952,-29951,-29954,-29952,-29955,-29953,-29955,-29959,-29959,-29958,-29960,-29959,-29956,-29964,-29965,-29966,-29969,-29969,-29971,-29969,-29971,-29971,-29972,-29973,-29974,-29973,-29975,-29979,-29980,-29987,-29988]} 1. Nf3 Nf6 2. c4 g6 3. b3 Bg7 4. Bb2 c5 5. g3 Nc6 6. Bg2 d6 7. O-O e5 8. Nc3 O-O 9. d3 h6 10. Nd2 Be6 {A38: Symmetrical English vs ...g6: 4 Bg2 Bg7 5 Nf3 Nf6} 11. Nd5 (11. e3 d5 12. e4 d4 13. Nd5 Nd7 14. Qe2 Nb4 15. a3 Nc6 16. f4 exf4 17. gxf4 Re8 18. Qf2 {½-½ (63) Artemiev,V (2731)-Mamedov,R (2659) Moscow 2019}) 11... Bxd5 12. cxd5 Nb4 {White is slightly better.} 13. a3 Nbxd5 14. b4 cxb4 15. axb4 $146 ({Predecessor:} 15. Qb3 Nc3 16. Rfe1 Qd7 17. a4 a5 18. Nc4 Nxa4 19. Rxa4 {0-1 (34) Seul,G (2390)-Lau,R (2500) Germany 1991}) 15... Qe7 16. Qb3 Nb6 $1 17. Ra5 Rfc8 18. Rfa1 a6 19. b5 {[%cal Rb5a6]} Rab8 20. bxa6 bxa6 {...e4! is the strong threat.} 21. Qd1 Nbd5 22. Nc4 Nb4 23. Ba3 e4 24. Rb1 d5 25. Ne3 Qc7 26. Ra4 {[#]} (26. Bxb4 $11 {keeps the balance.} Rxb4 27. Rba1) 26... d4 (26... Na2 $1 $17 {[%cal Ra2c3]} 27. Rxb8 Rxb8) 27. Nc4 $15 ({Much weaker is} 27. Rbxb4 dxe3 28. fxe3 Nd5 $17) 27... Nbd5 {And now ...Nc3 would win.} 28. Rxb8 Qxb8 29. Rxa6 Nc3 30. Qc2 Qb5 31. Ra5 Nxe2+ 32. Qxe2 exd3 33. Qxd3 Qxc4 34. Qxc4 Rxc4 35. Ra8+ Kh7 36. Bf1 Rc7 37. Bb2 Ne4 38. Rd8 Bf6 39. Re8 Nd6 40. Rb8 Nc4 41. Bc1 Bg5 42. Bxg5 hxg5 $11 {[%mdl 4096] Endgame KRB-KRN} 43. Rd8 Ne5 44. Rd5 {[#]} (44. Bb5 $15) 44... f6 (44... Nf3+ $1 $19 45. Kg2 Ne1+ 46. Kg1 Rc1) 45. f4 gxf4 46. gxf4 Rd7 47. Rc5 Ng4 {Threatens to win with ...d3.} 48. Bh3 $1 {[%cal Rh3g4]} f5 {Strongly threatening ...Ne3.} 49. Bxg4 $1 fxg4 {KR-KR} 50. Kf2 d3 {( -> ...d2)} 51. Ke1 Rf7 52. Kd2 Rxf4 53. Kxd3 Kh6 54. Ke2 Rf5 55. Rc8 Kg5 56. Rh8 g3 ({Better is} 56... Rf3 $15) 57. hxg3 $2 {[%mdl 8192]} (57. Rh3 $11) 57... Kg4 {Black mates.} 58. Rh1 g5 59. Rg1 Kh3 60. g4 Rf4 61. Rb1 Kg2 62. Ke3 Rxg4 63. Rb2+ Kh3 64. Rb1 Rg2 65. Ra1 g4 66. Ra8 Rb2 67. Rh8+ Kg2 68. Rg8 g3 69. Rh8 Kg1 70. Rg8 g2 71. Rf8 Rb3+ 72. Ke2 Kh2 {Accuracy: White = 43%, Black = 64%.} 0-1

[Event "18th Delhi GM Open 2020"]
[Site "Delhi"]
[Date "2020.01.10"]
[Round "3.16"]
[White "Abdisalimov, Abdimalik"]
[Black "Karthikeyan, Murali"]
[Result "0-1"]
[WhiteElo "2381"]
[BlackElo "2606"]
[Annotator "TA"]
[PlyCount "56"]
[EventDate "2020.01.09"]
[EventType "swiss"]
[EventCountry "IND"]
[SourceTitle "playchess.com"]
[Source "ChessBase"]
[SourceQuality "1"]

{[%evp 19,62,36,60,8,12,-34,-22,-38,-29,-27,-39,-27,-28,-24,-29,-37,-39,-39,-30,-47,-50,-63,-50,-50,-45,-48,-42,-58,-55,-59,-40,-170,-166,-170,-164,-166,-141,-305,-302,-289,-262,-1116,-1117,-1073,-1070]} 1. d4 Nf6 2. c4 e6 3. Nc3 Bb4 4. Qc2 O-O 5. a3 Bxc3+ 6. Qxc3 b6 7. Bg5 Bb7 8. f3 c5 9. dxc5 bxc5 10. e3 Nc6 11. Bd3 {E32: Nimzo-Indian: Classical (4 Qc2): 4...0-0} (11. O-O-O $14) (11. Nh3 h6 12. Bh4 Ne4 13. Bxd8 Nxc3 14. Bc7 Rfc8 15. Bd6 Na4 16. b3 Nb6 17. O-O-O Na5 18. Kc2 Bc6 19. Be2 {½-½ (42) Michiels,B (2536)-Lai,H (2422) Belgium 2018}) 11... d5 12. Bxf6 Qxf6 13. Qxf6 {The position is equal.} gxf6 14. cxd5 Ne5 15. O-O-O $146 ({Predecessor:} 15. Be2 Bxd5 16. Nh3 Rab8 17. O-O-O Rb3 18. e4 Bc4 {½-½ (26) Toth,B (2390)-Van Baarle,J Venice 1980}) 15... Bxd5 16. Ne2 Bb3 17. Rd2 Rfd8 18. Nf4 Rab8 19. Re1 c4 $36 {[%mdl 2048] Black fights for an advantage.} 20. Bb1 Rxd2 (20... Rdc8 {looks sharper.} 21. Rd4 c3 22. bxc3 a5 23. Nh5 Rxc3+ 24. Kd2 Rcc8) 21. Kxd2 Ba4 22. Kc1 {[#]} c3 $1 {[%mdl 512]} 23. bxc3 Rb3 24. Ne2 {Threatening f4.} Rxa3 25. Kb2 (25. Kd2 $15) 25... Nc4+ $19 {[%mdl 64] Double Attack} 26. Kc1 a5 {[%cal Ba7a5,Ba5a4][%mdl 32]} 27. e4 e5 28. f4 $2 (28. Rf1 $17 {was worth a try.}) 28... Bb3 {Played: Ra3-a1} 0-1

[Event "18th Delhi GM Open 2020"]
[Site "Delhi"]
[Date "2020.01.10"]
[Round "3.17"]
[White "Sahoo, Utkal Ranjan"]
[Black "Yakubboev, Nodirbek"]
[Result "0-1"]
[WhiteElo "2348"]
[BlackElo "2597"]
[Annotator "TA"]
[PlyCount "74"]
[EventDate "2020.01.09"]
[EventType "swiss"]
[EventCountry "IND"]
[SourceTitle "playchess.com"]
[Source "ChessBase"]
[SourceQuality "1"]

{[%evp 20,74,3,4,5,0,0,0,0,0,22,-10,-13,-45,-47,-58,-71,-88,-99,-159,-160,-161,-164,-149,-154,-145,-143,-164,-165,-160,-156,-162,-159,-162,-164,-178,-171,-186,-180,-177,-169,-195,-208,-193,-195,-190,-173,-533,-575,-562,-535,-813,-839,-660,-647,-522,-453]} 1. d4 Nf6 2. c4 e6 3. Nc3 Bb4 4. e3 O-O 5. Bd3 d5 6. Nf3 dxc4 7. Bxc4 c5 8. O-O Nc6 9. a3 Ba5 10. dxc5 Bxc3 11. bxc3 Qa5 {E56: Nimzo-Indian: Rubinstein: Main Line: 7...Nc6} 12. Bb2 $146 ({Predecessor:} 12. Qe2 Qxc5 13. e4 e5 14. a4 Na5 15. Ba2 Qc7 16. Ba3 Re8 17. Ng5 Bg4 18. f3 Bh5 19. Kh1 h6 20. Nh3 Rac8 {0-1 (62) Arnaudov,P (2490)-Vidit,S (2554) Golden Sands 2013}) 12... Qxc5 13. Bd3 e5 {The position is equal.} 14. Qc2 Rd8 15. Rfd1 Bg4 {White must now prevent ...Rxd3!} 16. Be2 e4 17. Ne1 Bxe2 18. Qxe2 Na5 19. Rd4 (19. c4 $142 Qxc4 20. Qxc4 Nxc4 21. Bxf6 Rxd1 22. Rxd1 gxf6 23. Nc2) 19... Nb3 $1 $17 20. Rxd8+ Rxd8 21. Rd1 {[#]} Rxd1 $1 22. Qxd1 Qd5 23. Qe2 Nd7 24. c4 Qd2 25. Kf1 Nb6 $40 {[%mdl 128] Black wants a kill.} 26. c5 {Hoping for Qb5.} Qxe2+ 27. Kxe2 $19 {[%mdl 4096] Endgame KBN-KNN} Nc4 ({Resist} 27... Nxc5 28. f3 $17) 28. Bd4 Nxa3 29. f3 f5 30. fxe4 fxe4 31. c6 bxc6 32. Bxa7 Kf7 33. Bd4 $2 (33. Kd1 {is tougher.}) 33... Nxd4+ {Black is clearly winning.} 34. exd4 {[#] intending Ke3.} Ke6 $1 {[%cal Re6d5]} 35. g4 Kd5 36. Ng2 Kxd4 37. Ne3 Ke5 {Accuracy: White = 33%, Black = 93%.} 0-1

[Event "18th Delhi GM Open 2020"]
[Site "Delhi"]
[Date "2020.01.10"]
[Round "3.18"]
[White "Aaryan Varshney"]
[Black "Goganov, Aleksey"]
[Result "1/2-1/2"]
[WhiteElo "2287"]
[BlackElo "2583"]
[Annotator "TA"]
[PlyCount "70"]
[EventDate "2020.01.09"]
[EventType "swiss"]
[EventCountry "IND"]
[SourceTitle "playchess.com"]
[Source "ChessBase"]
[SourceQuality "1"]

{[%evp 19,70,19,36,25,32,31,31,27,25,35,29,5,5,0,0,0,0,0,4,8,10,0,0,0,0,0,0,0,0,0,0,0,0,0,0,0,0,0,0,0,0,0,0,0,0,0,0,0,0,0,0,0,0]} 1. d4 Nf6 2. c4 e6 3. Nf3 b6 4. g3 Bb7 5. Bg2 Be7 6. O-O O-O 7. Nc3 Ne4 8. Qc2 Nxc3 9. Qxc3 d6 10. b3 c5 11. Bb2 {E19: Queen's Indian: Old Main Line with 7...Ne4 8 Qc2 Nxc3 8 Qxc3} Bf6 12. Qc2 {And now Ng5! would win.} (12. Rad1 Qe7 13. Qd2 Nd7 14. Rfe1 d5 15. cxd5 exd5 16. h4 Rfe8 17. Ng5 Rad8 18. Nh3 Nf8 19. Nf4 {½-½ (19) Radjabov,T (2781)-Lupulescu,C (2657) Porto Carras 2011}) 12... Nc6 {[%cal Rc5d4]} 13. Rad1 {White is slightly better.} Qe7 14. Rd2 {[#]} e5 $146 ({Predecessor:} 14... Rad8 15. Rfd1 h6 16. dxc5 dxc5 17. Bxf6 Qxf6 18. Rxd8 Rxd8 19. Rxd8+ Qxd8 20. Qd2 Qxd2 21. Nxd2 Kf8 22. Nb1 {½-½ (22) Gonda,L (2486)-Werle,J (2563) Germany 2010}) 15. d5 (15. dxe5 {is interesting.} dxe5 16. e3 Rad8 17. Qb1 g6 18. Rfd1) 15... Nd4 {The position is equal.} 16. Nxd4 exd4 17. Re1 Rae8 18. e3 dxe3 19. Rxe3 Qd8 20. Rde2 Rxe3 21. Rxe3 Bxb2 22. Qxb2 Re8 23. Qe2 (23. Be4 {seems wilder.} g6 24. Re2 Bc8 25. a3 Bd7 26. Qc3) 23... Rxe3 24. Qxe3 Bc8 25. h4 h6 26. Kh2 Kf8 27. Bh3 Bxh3 28. Kxh3 $11 {[%mdl 4096] Endgame KQ-KQ} Qf6 29. Kg2 Qf5 30. a4 h5 31. Qe2 f6 32. Qe3 Qe5 33. Kf3 Kf7 34. Qd3 g6 35. Kg2 Kg7 {Accuracy: White = 81%, Black = 97%.} 1/2-1/2

[Event "18th Delhi GM Open 2020"]
[Site "Delhi"]
[Date "2020.01.10"]
[Round "3.19"]
[White "Ghosh, Diptayan"]
[Black "Rohith Krishna S"]
[Result "1-0"]
[WhiteElo "2550"]
[BlackElo "2289"]
[Annotator "TA"]
[PlyCount "87"]
[EventDate "2020.01.09"]
[EventType "swiss"]
[EventCountry "IND"]
[SourceTitle "playchess.com"]
[Source "ChessBase"]
[SourceQuality "1"]

{[%evp 12,87,24,18,29,0,36,32,75,81,78,76,78,75,75,76,72,65,81,84,131,130,144,140,126,126,131,124,114,106,114,67,146,144,157,122,122,120,137,108,95,61,65,65,65,65,65,65,67,65,62,62,59,59,59,56,68,66,72,72,85,85,483,468,731,718,703,703,1606,1606,1544,1400,29970,29973,29972,29973,29987,29988]} 1. c4 Nf6 2. Nc3 e6 3. e4 d5 4. cxd5 exd5 5. e5 Ne4 6. Nf3 Nc6 7. Bb5 Be7 {A18: English Opening: Flohr-Mikenas System (1 c4 Nf6 2 Nc3 e6 3 e4)} 8. Qa4 (8. O-O O-O 9. d4 Bg4 10. h3 Bh5 11. Be3 f6 12. exf6 Bxf6 13. Be2 Kh8 14. Re1 Qd6 15. Nd2 Bg6 16. Bf3 Rae8 17. Nb3 Nb4 {½-½ (107) Le,Q (2714)-Peralta,F (2580) Caleta 2019}) 8... Nc5 9. Bxc6+ Kf8 {White is slightly better.} 10. Qc2 bxc6 11. d4 Ne6 12. Na4 $146 ({Predecessor:} 12. O-O g5 13. Be3 h5 14. Na4 {½-½ (14) Adorjan,A (2550)-Van der Wiel,J (2465) Baden 1980}) 12... Bd7 13. O-O h5 14. Be3 g5 15. Nc5 g4 16. Nxe6+ Bxe6 17. Ne1 Qd7 18. Nd3 h4 19. Rac1 Bf5 20. Nc5 Qc8 21. Qa4 Bxc5 (21... Rb8 $14) 22. Rxc5 $16 Bd7 23. e6 Bxe6 24. Qxc6 Rb8 25. b3 ({But not} 25. Qxc7 $6 Qxc7 26. Rxc7 Rxb2 $11) 25... Rb6 26. Qxc7 Qxc7 27. Rxc7 Ra6 $1 28. a4 Kg7 $1 29. Bf4 {Strongly threatening Be5+.} Rc8 30. Rxc8 Bxc8 $14 {[%mdl 4096] Endgame KRB-KRB} 31. Rc1 Bf5 32. f3 gxf3 33. gxf3 Rb6 34. Rc3 $1 Bb1 35. Bc7 Re6 36. Kf2 a6 $2 {[%mdl 8192]} (36... Ba2 $16) 37. b4 $1 $18 Ba2 (37... Re7 $142 38. b5 axb5) 38. b5 axb5 39. axb5 {[%cal Ba4b5,Bb5b6][%mdl 32]} Bc4 {[#]} 40. Rxc4 $1 {[%mdl 512]} dxc4 {[#]} 41. d5 $1 ({Wrong is} 41. b6 $2 c3 $19) 41... Rg6 42. b6 {White mates.} c3 43. Be5+ Rf6 44. Bxc3 {Accuracy: White = 86%, Black = 49%.} 1-0

[Event "18th Delhi GM Open 2020"]
[Site "Delhi"]
[Date "2020.01.10"]
[Round "3.20"]
[White "Vatsal Singhania"]
[Black "Tukhaev, Adam"]
[Result "1/2-1/2"]
[WhiteElo "2230"]
[BlackElo "2548"]
[Annotator "RC"]
[PlyCount "120"]
[EventDate "2020.01.09"]
[EventType "swiss"]
[EventCountry "IND"]
[SourceTitle "playchess.com"]
[Source "ChessBase"]
[SourceQuality "1"]
[TimeControl "5400+30"]

1. e4 {[%emt 0:00:00]} d6 {[%emt 0:00:16]} 2. d4 {[%emt 0:00:00]} g6 {[%emt 0:00:23]} 3. Nc3 {[%emt 0:00:00]} Bg7 {[%emt 0:00:24]} 4. Be3 {[%emt 0:00:00]} a6 {[%emt 0:02:59]} 5. Qd2 {[%emt 0:00:16]} b5 {[%emt 0:00:37]} 6. h4 {[%emt 0:00:51]} h6 {[%emt 0:02:23]} 7. O-O-O {[%emt 0:01:36]} Bb7 {[%emt 0:01:29]} 8. f3 {[%emt 0:00:10]} Nd7 {[%emt 0:00:47]} 9. Nge2 {[%emt 0:05:04]} Rc8 {[%emt 0:14:04]} 10. g4 {[%emt 0:08:04]} c5 {[%emt 0:01:29]} 11. dxc5 {[%emt 0:01:11]} Nxc5 {[%emt 0:00:18]} 12. Nd4 {[%emt 0:00:09]} Nf6 {[%emt 0:12:36]} 13. h5 {[%emt 0:03:06]} b4 {[%emt 0:05:51]} 14. Nce2 {[%emt 0:01:20]} e5 {[%emt 0:20:23]} 15. hxg6 {[%emt 0:06:15]} fxg6 {[%emt 0:05:27]} 16. Bxh6 {[%emt 0:04:52]} exd4 {[%emt 0:02:26]} 17. Nxd4 {[%emt 0:00:12]} Qe7 {[%emt 0:03:38]} 18. Bg2 {[%emt 0:06:19]} Rxh6 {[%emt 0:09:11]} 19. Rxh6 {[%emt 0:00:16]} Qf7 {[%emt 0:00:02]} 20. Kb1 {[%emt 0:00:54]} Bxh6 {[%emt 0:00:17]} 21. Qxh6 {[%emt 0:00:06]} Ncd7 {[%emt 0:02:57]} 22. Bh3 {[%emt 0:10:17]} Qh7 {[%emt 0:01:14]} 23. g5 {[%emt 0:00:56]} Rc5 {[%emt 0:08:09]} 24. Ne6 {[%emt 0:09:24]} Rc6 {[%emt 0:00:03]} 25. Rg1 {[%emt 0:09:17]} Bc8 {[%emt 0:00:42]} 26. f4 {[%emt 0:06:17]} Rc4 {[%emt 0:02:22]} 27. f5 {[%emt 0:04:39]} Qxh6 {[%emt 0:00:04]} 28. gxh6 {[%emt 0:00:03]} g5 {[%emt 0:00:06]} 29. Nxg5 {[%emt 0:01:36]} Nf8 {[%emt 0:00:03]} 30. Bf1 {[%emt 0:00:42]} Rc7 {[%emt 0:00:03]} 31. Bd3 {[%emt 0:01:20]} Re7 {[%emt 0:01:12]} 32. Kc1 {[%emt 0:01:51]} Bb7 33. Rd1 {[%emt 0:06:56]} N6h7 {[%emt 0:01:37]} 34. Nh3 {[%emt 0:02:42]} Kd7 {[%emt 0:00:03]} 35. Re1 {[%emt 0:02:56]} Nf6 {[%emt 0:00:34]} 36. Ng5 {[%emt 0:00:04]} a5 {[%emt 0:01:12]} 37. Kd2 {[%emt 0:00:39]} Bc6 {[%emt 0:00:03]} 38. Rh1 {[%emt 0:03:28]} N8h7 {[%emt 0:00:31]} 39. Nxh7 {[%emt 0:02:22]} Rxh7 {[%emt 0:00:06]} 40. Ke3 {[%emt 0:00:38]} Rxh6 {[%emt 0:00:45]} 41. Rxh6 {[%emt 0:00:04]} Ng4+ {[%emt 0:00:02]} 42. Kf4 {[%emt 0:00:04]} Nxh6 {[%emt 0:00:04]} 43. e5 {[%emt 0:00:03]} dxe5+ {[%emt 0:00:12]} 44. Kxe5 {[%emt 0:00:03]} Ng4+ {[%emt 0:00:08]} 45. Kd4 {[%emt 0:00:04]} Kd6 {[%emt 0:00:40]} 46. c3 {[%emt 0:00:30]} bxc3 {[%emt 0:01:02]} 47. Kxc3 {[%emt 0:00:03]} Ne3 {[%emt 0:00:23]} 48. Kd4 {[%emt 0:01:12]} Nd1 {[%emt 0:01:11]} 49. b3 {[%emt 0:00:05]} Nf2 {[%emt 0:00:11]} 50. Be2 {[%emt 0:03:28]} Ne4 {[%emt 0:02:24]} 51. Bf3 {[%emt 0:00:04]} Nf6 {[%emt 0:00:15]} 52. Bxc6 {[%emt 0:00:04]} Kxc6 {[%emt 0:00:03]} 53. Kc4 {[%emt 0:00:13]} Ne4 {[%emt 0:00:13]} 54. f6 {[%emt 0:00:43]} Nxf6 {[%emt 0:00:07]} 55. b4 {[%emt 0:00:03]} a4 {[%emt 0:00:15]} 56. b5+ {[%emt 0:00:04]} Kb6 {[%emt 0:00:03]} 57. Kb4 {[%emt 0:00:03]} Nd5+ {[%emt 0:00:03]} 58. Kxa4 {[%emt 0:00:03]} Nc3+ {[%emt 0:00:04]} 59. Kb3 {[%emt 0:00:03]} Nxa2 {[%emt 0:00:04]} 60. Kxa2 {[%emt 0:00:06]} Kxb5 {[%emt 0:00:34]} 1/2-1/2

[Event "18th Delhi GM Open 2020"]
[Site "Delhi"]
[Date "2020.01.10"]
[Round "3.21"]
[White "Grover, Sahaj"]
[Black "Pranesh M"]
[Result "1/2-1/2"]
[WhiteElo "2521"]
[BlackElo "2317"]
[Annotator "TA"]
[PlyCount "63"]
[EventDate "2020.01.09"]
[EventType "swiss"]
[EventCountry "IND"]
[SourceTitle "playchess.com"]
[Source "ChessBase"]
[SourceQuality "1"]

{[%evp 17,63,8,34,8,36,24,46,34,81,80,102,78,98,106,104,112,116,38,77,76,109,93,91,97,87,85,90,97,97,47,59,47,55,49,45,43,80,38,63,31,33,4,6,17,24,0,0,0]} 1. d4 Nf6 2. c4 e6 3. Nc3 Bb4 4. Bg5 c5 5. d5 h6 6. Bh4 Bxc3+ 7. bxc3 d6 8. e3 e5 9. Nf3 Bf5 (9... g5 $5 10. Bg3 $8 Bf5 $11) 10. Nd2 {E31: Nimzo-Indian: Leningrad Variation: 4...h6 5 Bh4 c5 6 d5 d6} e4 $146 (10... g5 $5 {[%cal Rg5h4]} 11. Bg3 Bg6 $11) (10... g5 11. Bg3 Nbd7 12. f3 Bg6 13. e4 Qe7 14. a4 Nh5 15. Bf2 a5 16. Qb1 b6 17. g3 O-O {1-0 (62) Spassky,B (2551)-Short,N (2676) Zuerich 2001}) 11. Qb1 Nbd7 12. Qxb7 {White is slightly better.} Rb8 13. Qxa7 O-O 14. Be2 Ra8 15. Qb7 Qa5 16. Qb2 Rfb8 17. Nb3 (17. Qc2 $16) 17... Qa4 {[#] ...Rxb3! is the strong threat.} 18. O-O Ne8 19. Qc1 Ne5 20. Nd2 Nd3 21. Bxd3 exd3 22. f3 Bc8 23. Qd1 (23. a3 {is interesting.} Ba6 24. Bg3 Bxc4 25. e4 Rb6 26. Rd1) 23... Rb2 24. Qxa4 Rxa4 25. Rfd1 Rc2 26. e4 Rxc3 27. Be1 Rc2 28. Nf1 Ra3 29. Ne3 Re2 30. Bd2 Ba6 $1 31. Kf1 Ra4 32. a3 {Accuracy: White = 63%, Black = 56%.} 1/2-1/2

[Event "18th Delhi GM Open 2020"]
[Site "Delhi"]
[Date "2020.01.10"]
[Round "3.22"]
[White "Vasquez Schroeder, Rodrigo"]
[Black "Mohite, Ranveer"]
[Result "1/2-1/2"]
[WhiteElo "2487"]
[BlackElo "2281"]
[Annotator "RC"]
[PlyCount "96"]
[EventDate "2020.01.09"]
[EventType "swiss"]
[EventCountry "IND"]
[SourceTitle "playchess.com"]
[Source "ChessBase"]
[SourceQuality "1"]
[TimeControl "5400+30"]

1. d4 {[%emt 0:00:00]} Nf6 {[%emt 0:01:57]} 2. Nf3 {[%emt 0:00:00]} g6 {[%emt 0:00:41]} 3. c4 {[%emt 0:00:00]} Bg7 {[%emt 0:00:07]} 4. g3 {[%emt 0:00:00]} O-O {[%emt 0:00:19]} 5. Bg2 {[%emt 0:00:00]} c6 {[%emt 0:00:10]} 6. O-O {[%emt 0:01:29]} d5 {[%emt 0:00:47]} 7. cxd5 {[%emt 0:01:20]} cxd5 {[%emt 0:00:10]} 8. Ne5 {[%emt 0:00:23]} Ne4 {[%emt 0:03:48]} 9. Nd2 {[%emt 0:03:25]} Nxd2 {[%emt 0:06:21]} 10. Bxd2 {[%emt 0:00:18]} Nd7 {[%emt 0:01:01]} 11. Bc3 {[%emt 0:01:21]} Nf6 {[%emt 0:11:41]} 12. f3 {[%emt 0:03:12]} Qb6 {[%emt 0:03:37]} 13. e3 {[%emt 0:01:45]} Qe6 {[%emt 0:09:01]} 14. Re1 {[%emt 0:04:34]} b6 {[%emt 0:02:02]} 15. a4 {[%emt 0:07:27]} Nd7 {[%emt 0:08:08]} 16. Nd3 a5 {[%emt 0:03:51]} 17. Nf4 {[%emt 0:02:45]} Qd6 {[%emt 0:03:06]} 18. Nxd5 {[%emt 0:01:42]} Bb7 {[%emt 0:00:35]} 19. Nf4 {[%emt 0:00:11]} Rfd8 {[%emt 0:05:19]} 20. Nd3 {[%emt 0:10:54]} Rac8 {[%emt 0:01:35]} 21. f4 {[%emt 0:02:36]} Bxg2 {[%emt 0:08:08]} 22. Kxg2 {[%emt 0:00:07]} Qc6+ {[%emt 0:00:58]} 23. Qf3 {[%emt 0:00:47]} Qc4 {[%emt 0:04:29]} 24. Ne5 {[%emt 0:11:39]} Nxe5 {[%emt 0:00:29]} 25. fxe5 {[%emt 0:00:07]} e6 {[%emt 0:00:42]} 26. Qe2 {[%emt 0:06:32]} Qc6+ {[%emt 0:01:00]} 27. Kg1 {[%emt 0:01:13]} Bf8 {[%emt 0:00:56]} 28. Qg2 {[%emt 0:04:28]} Qc4 {[%emt 0:02:33]} 29. Qe4 {[%emt 0:04:45]} Rd7 {[%emt 0:03:25]} 30. Rec1 {[%emt 0:02:59]} Rdc7 {[%emt 0:04:41]} 31. Qc2 {[%emt 0:01:34]} Qd5 {[%emt 0:04:48]} 32. Qe2 {[%emt 0:11:20]} Bb4 {[%emt 0:01:43]} 33. Qd3 {[%emt 0:02:59]} Qb3 {[%emt 0:01:21]} 34. Qb5 {[%emt 0:01:13]} Qc4 {[%emt 0:02:59]} 35. Rc2 {[%emt 0:09:50]} Bxc3 {[%emt 0:02:38]} 36. Rac1 {[%emt 0:01:42]} Qb4 {[%emt 0:01:28]} 37. bxc3 {[%emt 0:00:43]} Rxc3 {[%emt 0:00:59]} 38. Rxc3 {[%emt 0:00:35]} Rxc3 {[%emt 0:00:08]} 39. Qe8+ {[%emt 0:00:42]} Kg7 {[%emt 0:00:09]} 40. Rf1 Rc7 {[%emt 0:00:52]} 41. Qd8 {[%emt 0:00:28]} Qe7 {[%emt 0:00:53]} 42. Qxe7 {[%emt 0:00:15]} Rxe7 {[%emt 0:00:02]} 43. Rb1 {[%emt 0:00:07]} Rb7 {[%emt 0:00:11]} 44. Rb5 {[%emt 0:00:16]} Rc7 {[%emt 0:01:23]} 45. Rxb6 {[%emt 0:00:38]} Rc4 {[%emt 0:00:02]} 46. h3 {[%emt 0:00:16]} Rxa4 47. h4 {[%emt 0:00:05]} h5 {[%emt 0:01:09]} 48. Kf2 {[%emt 0:00:26]} Ra2+ {[%emt 0:00:15] Ra6 Ra1 Ra7 Kf8 e4 Ra2+ Ke3 Ra3+ Ke2 Rxg3 d5 exd5 exd5 Rg4 Ke3 Rb4 Rxa5 Rb7 Ra4 Ke7 Kf4 f6 exf6+ Kxf6 Ra6+ Kf7 Kg5 Rb5 Ra7+ Ke8 Kf6 Rxd5 Ke6 Rd4 Ra8+ Rd8 Ra7} 1/2-1/2